| 000 | 00383nam a22001217a 4500 | ||
|---|---|---|---|
| 008 | 180601b xxu||||| |||| 00| 0 eng d | ||
| 041 | _aeng | ||
| 080 | _a043.3 | ||
| 100 | _a0 | ||
| 101 | _aSHJ-BTH | ||
| 245 |
_aTribunalet ndërkombëtare dhe gjykata ndërkombëtare e drejtësisë si mjete për zgjidhjen dhe parandalimin e konflikteve ndërkombëtare _cZhjeqi,A |
||
| 942 |
_2udc _cBK |
||
| 999 |
_c46250 _d46250 |
||